[Event "Barcelona La Lira op 30th"]
[Site "Barcelona"]
[Date "2012.03.09"]
[Round "8"]
[White "Robla Carreiras, Xavier"]
[Black "Alvarez Garmendia, Jose Maria"]
[Result "1-0"]
[WhiteElo "1698"]
[BlackElo "1630"]
[PlyCount "29"]
[EventDate "2012.01.20"]
[EventType "swiss"]
[EventRounds "8"]
[EventCountry "ESP"]
[SourceTitle "EXT 2013"]
[Source "ChessBase"]
[SourceDate "2012.11.22"]
[SourceVersion "1"]
[SourceVersionDate "2012.11.22"]
[SourceQuality "1"]

1. e4 c5 2. Nc3 d6 3. f4 e5 4. f5 Nf6 5. Bc4 Nc6 6. Nf3 Na5 7. d3 a6 8. 0-0 b5 9. Bd5 Nxd5 10. Nxd5 f6 11. Ng5 Be7 12. Qh5+ Kd7 13. Ne6 Qe8 14. Qxe8+ Kxe8 15. Ndc7+ 1-0

[Event "Barcelona La Lira op 30th"]
[Site "Barcelona"]
[Date "2012.02.17"]
[Round "5"]
[White "Sabater Comas, Jordi"]
[Black "Robla Carreiras, Xavier"]
[Result "1-0"]
[WhiteElo "1909"]
[BlackElo "1698"]
[PlyCount "49"]
[EventDate "2012.01.20"]
[EventType "swiss"]
[EventRounds "8"]
[EventCountry "ESP"]
[SourceTitle "EXT 2013"]
[Source "ChessBase"]
[SourceDate "2012.11.22"]
[SourceVersion "1"]
[SourceVersionDate "2012.11.22"]
[SourceQuality "1"]

1. e4 c5 2. Nf3 Nc6 3. c3 d5 4. e5 Bg4 5. Bb5 Qc7 6. d4 cxd4 7. cxd4 0-0-0 8. Be3 f6 9. Bxc6 Qxc6 10. Nbd2 Qa6 11. Rc1+ Kb8 12. Qe2 Qxe2+ 13. Kxe2 fxe5 14. dxe5 e6 15. h3 Bh5 16. g4 Bf7 17. Ng5 Rd7 18. Nb3 h6 19. Nxf7 Rxf7 20. Nd4 Ne7 21. Nxe6 Nc6 22. Rhd1 Nxe5 23. Rxd5 Nc6 24. Nd8 Rc7 25. Bf4 1-0

[Event "Barcelona La Lira op 30th"]
[Site "Barcelona"]
[Date "2012.02.03"]
[Round "3"]
[White "Torras Lemos, Marc"]
[Black "Robla Carreiras, Xavier"]
[Result "1/2-1/2"]
[WhiteElo "1810"]
[BlackElo "1698"]
[PlyCount "53"]
[EventDate "2012.01.20"]
[EventType "swiss"]
[EventRounds "8"]
[EventCountry "ESP"]
[SourceTitle "EXT 2013"]
[Source "ChessBase"]
[SourceDate "2012.11.22"]
[SourceVersion "1"]
[SourceVersionDate "2012.11.22"]
[SourceQuality "1"]

1. d4 d5 2. c4 Nc6 3. Nf3 Bg4 4. Nc3 dxc4 5. e3 e5 6. d5 Bxf3 7. Qxf3 Nb4 8. Qd1 Nd3+ 9. Bxd3 cxd3 10. Qxd3 Qd7 11. a3 Nf6 12. e4 Bc5 13. 0-0 0-0 14. Bg5 Be7 15. Rad1 Rad8 16. Ne2 Qg4 17. Bxf6 Bxf6 18. Rd2 Rd6 19. Qb5 Rb6 20. Qc4 Bd8 21. f3 Qg5 22. Qc3 Rg6 23. g3 h5 24. f4 exf4 25. Nxf4 Rb6 26. h4 Qg4 27. Ng2 1/2-1/2

[Event "Barcelona La Lira op 30th"]
[Site "Barcelona"]
[Date "2012.01.20"]
[Round "1"]
[White "Herms Agullo, Jordi"]
[Black "Robla Carreiras, Xavier"]
[Result "1-0"]
[WhiteElo "2077"]
[BlackElo "1698"]
[PlyCount "61"]
[EventDate "2012.01.20"]
[EventType "swiss"]
[EventRounds "8"]
[EventCountry "ESP"]
[SourceTitle "EXT 2013"]
[Source "ChessBase"]
[SourceDate "2012.11.22"]
[SourceVersion "1"]
[SourceVersionDate "2012.11.22"]
[SourceQuality "1"]

1. e4 c5 2. Nf3 Nc6 3. d4 cxd4 4. Nxd4 Nf6 5. Nc3 a6 6. Nxc6 dxc6 7. Qxd8+ Kxd8 8. Bf4 e6 9. 0-0-0+ Ke8 10. f3 Bd7 11. g4 h6 12. h4 b5 13. Rh2 Bc5 14. Kb1 Ke7 15. Rhd2 Ra7 16. Ne2 Rc8 17. Nc1 Ke8 18. Nd3 Be7 19. Ne5 Rd8 20. g5 hxg5 21. hxg5 Nh5 22. Be3 Rb7 23. Bh3 c5 24. Bg4 g6 25. Rh1 c4 26. Bxh5 gxh5 27. Rxh5 Bb4 28. c3 Bf8 29. Rh8 Rc8 30. g6 fxg6 31. Bh6 1-0

[Event "Barcelona Primavera La Lira op 4th"]
[Site "Barcelona"]
[Date "2011.04.14"]
[Round "3"]
[White "Ramos Alvarez, Maximo"]
[Black "Robla Carreiras, Xavier"]
[Result "1/2-1/2"]
[WhiteElo "1886"]
[BlackElo "1740"]
[PlyCount "108"]
[EventDate "2011.03.31"]
[EventType "swiss"]
[EventRounds "9"]
[EventCountry "ESP"]
[SourceTitle "EXT 2012"]
[Source "ChessBase"]
[SourceDate "2011.11.24"]
[SourceVersion "1"]
[SourceVersionDate "2011.11.24"]
[SourceQuality "1"]

1. e4 c5 2. d4 cxd4 3. c3 dxc3 4. Nxc3 e6 5. Bc4 Nc6 6. Nf3 Qc7 7. Qe2 Nf6 8. 0-0 a6 9. e5 Ng4 10. Bf4 d5 11. exd6 Bxd6 12. Bxd6 Qxd6 13. Rfd1 Qe7 14. Ne4 0-0 15. a3 b5 16. Ba2 Nge5 17. Rac1 Nxf3+ 18. Qxf3 Bb7 19. Nc5 Rfd8 20. Rxd8+ Rxd8 21. h4 Ba8 22. Qe3 Nd4 23. Nxa6 Qb7 24. f3 Qxa6 25. h5 Nf5 26. Qg5 Qd6 27. b4 h6 28. Qg4 Qd4+ 29. Qxd4 Nxd4 30. Kf2 Bd5 31. Bb1 f5 32. Bd3 Nb3 33. Rc3 Ra8 34. Bxb5 Rxa3 35. Rc8+ Kh7 36. Be8 g5 37. hxg6+ Kg7 38. Rc7+ Kf6 39. Rf7+ Kxg6 40. Ra7+ Kf6 41. Rxa3 Nd4 42. Rc3 Ke7 43. Ba4 Kd6 44. b5 Bb7 45. Ke3 e5 46. f4 Ne6 47. fxe5+ Kxe5 48. g3 f4+ 49. gxf4+ Nxf4 50. Rc1 Nd5+ 51. Kf2 h5 52. Kg3 Kd4 53. Kh4 Nc3 54. Bd1 Nxb5 1/2-1/2

[Event "Barcelona La Lira Spring op 1st"]
[Site "Barcelona"]
[Date "2008.04.17"]
[Round "3.18"]
[White "Robla Carreiras, Xavier"]
[Black "Perez Llamas, David"]
[Result "1-0"]
[WhiteElo "1774"]
[BlackElo "1700"]
[PlyCount "93"]
[EventDate "2008.04.03"]
[EventType "swiss"]
[EventRounds "8"]
[EventCountry "ESP"]
[SourceTitle "EXT 2024"]
[Source "ChessBase"]
[SourceDate "2023.10.10"]
[SourceVersion "1"]
[SourceVersionDate "2023.10.10"]
[SourceQuality "1"]

1. e4 c5 2. Nc3 Nc6 3. Bb5 e6 4. f4 Nge7 5. Nf3 h6 6. 0-0 a6 7. Bxc6 Nxc6 8. d3 b5 9. Qe1 Be7 10. Qg3 Kf8 11. f5 d6 12. fxe6 Bxe6 13. Ne2 Bf6 14. Bf4 Ne5 15. Bxe5 Bxe5 16. Nxe5 Qg5 17. Ng6+ Kg8 18. Qxg5 hxg5 19. Nxh8 Kxh8 20. Ng3 f6 21. Nf5 Rd8 22. Ne7 Rd7 23. Nd5 Kg8 24. Nxf6+ gxf6 25. Rxf6 Bf7 26. b3 a5 27. Rf5 Be6 28. Rxg5+ Kh7 29. Rf1 Kh6 30. h4 Kh7 31. Rf6 Bf7 32. e5 dxe5 33. Rxe5 Bd5 34. g4 c4 35. Rff5 Bf7 36. Rxb5 Be6 37. Rg5 cxd3 38. cxd3 Rxd3 39. Rxa5 Rd7 40. Rh5+ Kg7 41. Rag5+ Kf8 42. Rh8+ Ke7 43. Rh7+ Bf7 44. Rgg7 Kf8 45. Rxf7+ Rxf7 46. Rxf7+ Kxf7 47. a4 1-0